[Event "Bad Woerishofen Seniors op 35th"]
[Site "Bad Woerishofen"]
[Date "2019.03.23"]
[Round "9.19"]
[White "Nachtkamp, Herbert"]
[Black "Wagner, Franz"]
[Result "0-1"]
[WhiteElo "1970"]
[BlackElo "1871"]
[PlyCount "48"]
[EventDate "2019.03.15"]
[EventType "swiss"]
[EventRounds "9"]
[EventCountry "GER"]
[SourceTitle "EXT 2020"]
[Source "ChessBase"]
[SourceDate "2019.10.17"]
[SourceVersion "1"]
[SourceVersionDate "2019.10.17"]
[SourceQuality "1"]

1. d4 Nf6 2. Nf3 d5 3. e3 Bg4 4. h3 Bxf3 5. Qxf3 e6 6. Bd3 c5 7. c3 Nc6 8. 0-0 Qb6 9. Nd2 Be7 10. Bc2 0-0 11. dxc5 Bxc5 12. e4 d4 13. Nc4 Qc7 14. b4 Be7 15. b5 Ne5 16. Nxe5 Qxe5 17. Bf4 Qc5 18. e5 Nd5 19. Qe4 g6 20. cxd4 Qxb5 21. Bh6 Rfc8 22. Bb3 Nc3 23. Qf3 Ne2+ 24. Kh1 Nxd4 0-1

[Event "Bad Woerishofen op 19th"]
[Site "Bad Woerishofen"]
[Date "2003.03.19"]
[Round "7"]
[White "Wagner, Franz"]
[Black "Eichler, Gottfried Johannes"]
[Result "1/2-1/2"]
[WhiteElo "1806"]
[BlackElo "2112"]
[PlyCount "139"]
[EventDate "2003.03.13"]
[EventType "swiss"]
[EventRounds "9"]
[EventCountry "GER"]
[SourceTitle "CBM 093 Extra"]
[Source "ChessBase"]
[SourceDate "2003.05.09"]
[SourceVersion "1"]
[SourceVersionDate "2003.05.09"]
[SourceQuality "1"]

1. e4 c5 2. d3 Nc6 3. Nf3 d6 4. g3 Bg4 5. h3 Bd7 6. Bg2 Qc8 7. Be3 g6 8. Nbd2 Bg7 9. c3 e5 10. Nc4 Qc7 11. 0-0 b5 12. Ncd2 Nge7 13. Rc1 0-0 14. d4 c4 15. Re1 Nd8 16. Nf1 Ne6 17. g4 Rad8 18. Ng3 Bc8 19. Qd2 Kh8 20. Ng5 a5 21. Nxe6 fxe6 22. h4 exd4 23. cxd4 e5 24. g5 exd4 25. Bxd4 Nc6 26. Bxg7+ Qxg7 27. b3 Ne5 28. Re3 Qa7 29. bxc4 Nxc4 30. Qc3+ Kg8 31. Re2 Bg4 32. Rec2 a4 33. Kh2 Rxf2 34. Rxf2 Qxf2 35. Rf1 Qb2 36. Qd3 Qe5 37. Rf6 Rf8 38. Rxf8+ Kxf8 39. Bf1 Qb2+ 40. Kg1 Qa3 41. Qxa3 Nxa3 42. Ne2 Be6 43. Nd4 Bxa2 44. Bxb5 Nxb5 45. Nxb5 Ke7 46. Kf2 Bc4 47. Na3 Ba6 48. Ke3 Ke6 49. Kd4 Be2 50. Nb1 Bd1 51. Na3 Bb3 52. Nb5 Kd7 53. Kc3 Kc6 54. Kb4 Kd7 55. Kc3 Ke6 56. Kd4 Bd1 57. Na3 Bb3 58. Nb5 Ke7 59. Na3 Be6 60. Nb1 Bd7 61. Kd5 Be8 62. Na3 Bf7+ 63. Kd4 Ke6 64. Nb5 Kd7 65. Kc3 Bb3 66. Nd4 Bd1 67. Kb4 Ke7 68. Ka3 Kf7 69. Kb4 Ke7 70. Ka3 1/2-1/2

[Event "Bad Woerishofen op 19th"]
[Site "Bad Woerishofen"]
[Date "2003.03.18"]
[Round "6"]
[White "Schlierf, Andre"]
[Black "Wagner, Franz"]
[Result "0-1"]
[WhiteElo "2107"]
[BlackElo "1806"]
[PlyCount "64"]
[EventDate "2003.03.13"]
[EventType "swiss"]
[EventRounds "9"]
[EventCountry "GER"]
[SourceTitle "CBM 093 Extra"]
[Source "ChessBase"]
[SourceDate "2003.05.09"]
[SourceVersion "1"]
[SourceVersionDate "2003.05.09"]
[SourceQuality "1"]

1. c4 Nf6 2. Nc3 e6 3. e4 c5 4. f4 d6 5. Nf3 Nc6 6. g3 Be7 7. Bg2 0-0 8. 0-0 Ne8 9. d3 b6 10. g4 Bb7 11. Be3 g6 12. g5 Ng7 13. d4 cxd4 14. Nxd4 Nxd4 15. Bxd4 e5 16. fxe5 dxe5 17. Bxe5 Bc5+ 18. Kh1 Qxg5 19. Bf6 Qh6 20. Rf3 Nh5 21. Nd5 Nxf6 22. Nxf6+ Kg7 23. Qe2 Rad8 24. Raf1 Bc8 25. e5 Rd2 26. Qe4 Rfd8 27. Qc6 Be6 28. Ne8+ Kh8 29. Rxf7 Rxg2 30. Rf8+ Bxf8 31. Kxg2 Rd2+ 32. Rf2 Qh3+ 0-1

[Event "Bad Woerishofen op 18th"]
[Site "Bad Woerishofen"]
[Date "2002.??.??"]
[Round "2"]
[White "Hornung, Hans"]
[Black "Wagner, Franz"]
[Result "1-0"]
[WhiteElo "2175"]
[BlackElo "1840"]
[PlyCount "65"]
[EventDate "2002.03.??"]
[EventType "swiss"]
[EventRounds "9"]
[EventCountry "GER"]
[SourceTitle "EXT 2003"]
[Source "ChessBase"]
[SourceDate "2002.11.25"]
[SourceVersion "1"]
[SourceVersionDate "2002.11.25"]
[SourceQuality "1"]

1. c4 Nf6 2. Nc3 g6 3. e4 d6 4. d4 Bg7 5. Nf3 0-0 6. Be2 c5 7. 0-0 cxd4 8. Nxd4 Nc6 9. Be3 Nxd4 10. Bxd4 Be6 11. f4 Qd7 12. Qd2 Rfc8 13. b3 Bg4 14. Bd3 e5 15. Be3 Nh5 16. f5 gxf5 17. exf5 e4 18. Bxe4 Re8 19. Bc2 Rxe3 20. Qxe3 Re8 21. Qg5 Nf6 22. Nd5 Qd8 23. Nxf6+ Qxf6 24. Qxg4 Kh8 25. Rad1 Rg8 26. Kh1 Qc3 27. Qe4 Be5 28. f6 Rg6 29. Bb1 Rh6 30. Rf3 Rxh2+ 31. Kg1 Qb4 32. Qxe5 Qb6+ 33. Qd4 1-0

[Event "Passau op 8th"]
[Site "Passau"]
[Date "2000.04.21"]
[Round "1"]
[White "Wagner, Franz"]
[Black "Neubauer, Ralf"]
[Result "0-1"]
[WhiteElo "1300"]
[BlackElo "2045"]
[PlyCount "28"]
[EventDate "2000.04.21"]
[EventType "swiss"]
[EventRounds "7"]
[EventCountry "GER"]
[SourceTitle "CBM 076 Extra"]
[Source "ChessBase"]
[SourceDate "2000.07.11"]
[SourceVersion "1"]
[SourceVersionDate "2000.07.11"]
[SourceQuality "1"]

1. d4 d5 2. c4 dxc4 3. e4 Nf6 4. Nc3 e5 5. Nf3 exd4 6. Qxd4 Bd7 7. Qxc4 Nc6 8. b4 Bxb4 9. Bd2 0-0 10. Nd5 Bxd2+ 11. Nxd2 Be6 12. Qb3 Nxd5 13. exd5 Bxd5 14. Qxb7 Re8+ 0-1

[Event "Bahn-chG"]
[Site "Bad Laasphe"]
[Date "1994.10.15"]
[Round "7"]
[White "Hasivar, Gerd"]
[Black "Wagner, Franz"]
[Result "1-0"]
[WhiteElo "1895"]
[BlackElo "1605"]
[PlyCount "82"]
[EventDate "1994.10.09"]
[EventType "swiss"]
[EventRounds "7"]
[EventCountry "GER"]
[SourceTitle "EXT 1999"]
[Source "ChessBase"]
[SourceDate "1998.11.16"]
[SourceVersion "1"]
[SourceVersionDate "1998.11.16"]
[SourceQuality "1"]

1. e4 e5 2. Nf3 Nc6 3. Bc4 Bc5 4. Nc3 Nf6 5. 0-0 0-0 6. a3 a5 7. d3 d6 8. h3 Be6 9. Ba2 h6 10. Be3 Ba7 11. Ne2 Qe7 12. c4 Nd7 13. Bxa7 Rxa7 14. Nd2 f5 15. Kh2 f4 16. Nf3 g5 17. g3 g4 18. Nh4 Qg5 19. c5 Bxa2 20. Rxa2 Nxc5 21. hxg4 Ra6 22. Nf5 Rf6 23. f3 Ra8 24. Kg2 Kf7 25. Rh1 Rh8 26. Rh5 Qg6 27. gxf4 Ne6 28. Qc1 exf4 29. d4 Ng5 30. Nxf4 Qg8 31. Qc4+ Ke8 32. d5 Qf7 33. Ne6 Nxe6 34. dxe6 Qf8 35. b4 Rh7 36. Rc2 Qg8 37. Qb5 Qxe6 38. bxa5 d5 39. exd5 Qe5 40. Re2 Re7 41. Rxe5 Rxe5 1-0